000 00619nam a22002177a 4500
003 UA-OsUOA
001 39804
007 ta
008 20060629b un ||||| |||| 00| 0 ukr d
100 _aСюндюков І.
090 _a82
_bС11
942 _cSA
040 _aUA-OsUOA
_bukr
_cUA-OsUOA
_dUA-OsUOA
245 _a"Загірня комуна" на крові. Ілюзії та прорізання Миколи Хвильового
300 _aС.8
955 _a0
041 _aukr
080 _a82
773 0 _w39803
650 7 _a82 Література. Літературознавство
_2UDC
999 _c325945
_d325945